English: history, diversity and change

Guardat en:
Dades bibliogràfiques
Autors principals: Graddol, David (Autor), Leith, Dick (Autor), Swann, Joan (Autor)
Format: Llibre
Idioma:anglès
Publicat: Londres Routledge 1996
Edició:1a. ed
Matèries:
Etiquetes: Afegir etiqueta
Sense etiquetes, Sigues el primer a etiquetar aquest registre!

MARC

LEADER 00000cam a2200000 a 4500
001 UCG9754
003 CL-VaPUC
008 120330e19960000UK |||||||||||||||||eng|d
020 |a 0415131189 
082 0 4 |a 428  |b GRA  |2 21 
100 0 |a Graddol, David  |e author  |9 561418 
700 0 |a Leith, Dick  |e author  |9 561419 
700 0 |a Swann, Joan  |e author  |9 561420 
245 1 0 |a English: history, diversity and change 
250 |a 1a. ed 
300 |a 394 p 
942 |c BK 
945 |d 20120330 00:00:00  |a dcastane 
260 |a Londres  |b Routledge  |c 1996 
650 0 |a Inglés  |9 260023 
650 0 |a Educación lingüística  |9 306506 
650 0 |a Enseñanza del inglés  |9 367340 
583 |a last modification  |c 20120330 10:33:00  |k Rodrigo Vera 
999 |c 347297  |d 347295 
952 |0 0  |1 0  |4 0  |6 428_000000000000000_GRA_1996  |7 0  |8 A  |9 448551  |a BIBEDU  |b BIBEDU  |d 2019-11-22  |i 4842227  |o 428 GRA 1996  |p 4842227  |r 2019-11-22  |w 2019-11-22  |y BK  |k LIT 
952 |0 0  |1 0  |3 erb  |4 0  |6 428_000000000000000_GRA_1996  |7 0  |8 A  |9 448552  |a FDOPOS  |b FDOPOS  |i 5487684  |o 428 GRA 1996  |p 5487684  |r 2025-01-22  |w 2019-11-22  |y BK  |z Catalogado en:20180810  |k DLA